| 000 | 00713nam a22001577a 4500 | ||
|---|---|---|---|
| 005 | 20211020114934.0 | ||
| 008 | s2508 th tha d | ||
| 040 | _aNALT | ||
| 041 | _atha | ||
| 245 | 1 | 0 | _aประวัติวัดสระเกศราชวรมหาวิหาร และจดหมายเหตุเรื่องพระสารีริกธาตุเมืองกบิลพัสดุ์ |
| 260 | 3 |
_aพระนคร : _bโรงพิมพ์สำนักทำเนียบนายกรัฐมนตรี, _c2508 |
|
| 300 | _a129 หน้า | ||
| 850 | _aNALT | ||
| 856 | 4 | 0 | _uhttps://dl.parliament.go.th/handle/lirt/587479 |
| 942 |
_cCRE _2lcc |
||
| 999 |
_c41318 _d41318 |
||
| 998 |
_j4612 _k วัลยา พุ่มต้นวงค์ |
||